00205nam a22000737a 4500008004100000100002600041245005600067300000800123140207t xxu||||| |||| 00| 0 eng d aHarold M. Hodges, Jr. aConflict and consensus an introduction to sociology a558